The Organization of Industry (Record no. 4104)

MARC details
000 -LEADER
fixed length control field 00336nam a22001337a 4500
008 - FIXED-LENGTH DATA ELEMENTS--GENERAL INFORMATION
fixed length control field 250703b |||||||| |||| 00| 0 eng d
020 ## - INTERNATIONAL STANDARD BOOK NUMBER
ISBN 02560660X
100 ## - MAIN ENTRY--AUTHOR
Author SHUGHART William
245 ## - TITLE STATEMENT
Title The Organization of Industry
260 ## - PUBLICATION, DISTRIBUTION, ETC. (IMPRINT)
Place of publication United States
Name of publisher John R. Black
Date of publication 1990
300 ## - COLLATION
Pagination xvi, 492p.
942 ## - ADDED ENTRY ELEMENTS (KOHA)
Item type Books
050 ## - LIBRARY OF CONGRESS CALL NUMBER
Classification number HD2326
Item number .S48
Holdings
Source of classification or shelving scheme Not for loan Permanent location Current location Date acquired Accession No. Full call number Barcode. Koha item type
Library of Congress Classification   Samuel Ogbemudia Main Library, University of Abuja Samuel Ogbemudia Main Library, University of Abuja 07/03/2025 2017/49944 HD2326.S48 2025-2837 Books